| 000 | 00551nam a2200217 a 4500 | ||
|---|---|---|---|
| 001 | BRCA_6121 | ||
| 005 | 20190320205336.0 | ||
| 008 | 040711s1928----gw-#######---#000-0#ger-# | ||
| 041 | _ager | ||
| 044 | _agw | ||
| 050 | 4 |
_aPT2625 .O42 _b.M4 1928 |
|
| 245 | 1 | 0 |
_aMesch Luther _cvon Walter von Molo. |
| 260 |
_aBerlĂn _bPaul Zsolnay _c1928 |
||
| 300 |
_a304 p. _c19 cm. |
||
| 500 | _aCon firma de Franz Mayer | ||
| 500 | _aK23 | ||
| 600 | 1 | 4 |
_aLuther, Martin _eNovela _915452 |
| 650 | 1 | 4 |
_aLiteratura Alemana _96160 |
| 902 | _aGFM | ||
| 942 |
_2lcc _cB |
||
| 999 |
_c5808 _d5808 |
||